Acumulación de capital y distribución del ingreso /

Guardat en:
Dades bibliogràfiques
Autor principal: Harris, Donald J. (autor)
Altres autors: Suárez, Eduardo L. (traducción) (traducción)
Format: Llibre
Idioma:espanyol
Publicat: México : Fondo de Cultura Económica, 1986, c1986
Col·lecció:(Sección de Obras de Economía)
Matèries:
Etiquetes: Afegir etiqueta
Sense etiquetes, Sigues el primer a etiquetar aquest registre!

MARC

LEADER 00000nam^a2200000^a^4500
001 000102594
005 20250521000000.0
009 20260310093319.434
020 |a 968-16-2363-0 
037 |a Acervo ITESO - Biblioteca 
041 |a ESP 
082 |a 338. 9  |b HAR 
100 |a Harris, Donald J.  |e (autor) 
245 1 0 |a Acumulación de capital y distribución del ingreso /  |c D.J. Harris ; tr. por E.L. Suárez. 
264 4 |a México :  |b Fondo de Cultura Económica,  |c 1986, c1986 
300 |a 332 p. 
336 |a texto  |b txt  |2 rdacontenido 
337 |a sin mediación  |b n  |2 rdamedio 
338 |a volumen  |b nc  |2 rdasoporte 
440 1 |a (Sección de Obras de Economía) 
500 |a Traducción de: Capital Accumulation and Income Distribution 
649 |a XX 
650 |a Capitalismo -  |x Tema Principal 
650 |a Distribución del Ingreso 
650 |a Desarrollo Económico-Social 
650 |a Economía -  |x Teoría 
700 |a Suárez, Eduardo L.  |e (traducción) 
910 |a Fondo General 
920 |a Impresos - Libros 
930 |a Colección General 
905 |a 101 
901 |a 0500037631  |b IT1  |c ACC  |u 20250521 
902 |a https://opac.biblio.iteso.mx/vufind/Record/000102594